Tirano Banderas: novela de tierra caliente
Furkejuvvon:
| Váldodahkki: | |
|---|---|
| Materiálatiipa: | Girji |
| Giella: | espánnjágiella |
| Almmustuhtton: |
Madrid
Espasa-Calpe
1984
|
| Preanttus: | 5a. ed |
| Ráidu: | Selecciones Austral, 2
|
| Fáttát: | |
| Fáddágilkorat: |
Lasit fáddágilkoriid
Eai fáddágilkorat, Lasit vuosttaš fáddágilkora!
|
MARC
| LEADER | 00000nam a2200000 a 4500 | ||
|---|---|---|---|
| 001 | UCX8657 | ||
| 003 | CL-VaPUC | ||
| 008 | 940418e19840000SP |||||||||||||||||spa|d | ||
| 082 | 0 | 4 | |a 863 |b VAL |2 21 |
| 100 | 0 | |a Valle Inclán, Ramón del |e author |9 315482 | |
| 245 | 1 | 0 | |a Tirano Banderas: novela de tierra caliente |
| 250 | |a 5a. ed | ||
| 300 | |a 240 p | ||
| 942 | |c BK | ||
| 945 | |d 19940418 00:00:00 |a rbrito | ||
| 260 | |a Madrid |b Espasa-Calpe |c 1984 | ||
| 650 | 0 | |a Novelas españolas |9 265052 | |
| 583 | |a last modification |c 19940418 00:00:00 |k Rodrigo Vera | ||
| 490 | 0 | |a Selecciones Austral, 2 | |
| 999 | |c 228097 |d 228095 | ||
| 952 | |0 0 |1 0 |4 0 |6 863_000000000000000_VAL_1984 |7 0 |8 A |9 227708 |a BIBEDU |b BIBEDU |d 2019-11-15 |i 2968673 |o 863 VAL 1984 |p 2968673 |r 2019-11-15 |w 2019-11-15 |y BK |k LIT | ||